000 00729cab a2200229 4500
001 ABS60353
008 090401t1999 xxu||||| |||| 00| 0 eng d
035 _a(Sirsi) u92048
041 _aeng
245 _aR V SoS Environment, Transport and Regions and another, Ex Parte, Marson
260 _c1999
350 _a0
490 _aProperty, Planning and Compensation Reports
_v(1999) 77 P&CR Part No.2, 202-209(4)
650 _aENVIRONMENTAL ASSESSMENT
650 _aENVIRONMENTAL IMPACT STATEMENT
650 _aPLANNING PERMISSION
650 _aR V SOS ENVIRONMENT AND ANOTHER
650 _aTOWN AND COUNTRY PLANNING ACT 1990 S77
690 _aPLANNING LAW AND PRACTICE-CASE LAW
942 _n0
948 _c15/03/1999
999 _c58375
_d58375